| 000 | 00832pam a2200265 a 4500 | ||
|---|---|---|---|
| 008 | |||
| 020 | _a0198557728 (pbk) | ||
| 049 | _aMAIN | ||
| 090 | _aQD151.2 STR | ||
| 100 | 1 | _aStrauss, Steven H. | |
| 245 | 1 | 0 |
_aGuide to solutions for Inorganic chemistry, second edition / _cS.H. Strauss. |
| 250 | _a2nd ed. | ||
| 260 |
_aOxford : _bOxford University Press, _c1994. |
||
| 300 |
_a354 p. : _bill. ; _c26 cm. |
||
| 500 | _aTo accompany Inorganic chemistry by Shriver, Atkins, and Langford. | ||
| 500 | _aThe Periodic table on inside cover. | ||
| 650 | 0 | _aChemistry, Inorganic. | |
| 653 | 0 | _aInorganic chemistry | |
| 700 | 1 | _aShriver, D. F. | |
| 907 |
_a.b10004257 _b24-01-07 _c17-04-03 |
||
| 003 | |||
| 005 | 20230123133504.0 | ||
| 040 | _cNUST | ||
| 942 |
_cBOOKS _kQD151.2 STR |
||
| 999 |
_c149475 _d149475 |
||